[Event "BRA-ch U16 Girls"]
[Site "Florianopolis"]
[Date "2021.07.02"]
[Round "2"]
[White "Feller, Isadora Cristina Vi"]
[Black "Mirela Pedro, Tereza"]
[Result "0-1"]
[WhiteElo "1246"]
[BlackElo "1175"]
[PlyCount "102"]
[EventDate "2021.07.01"]
[EventType "swiss"]
[EventRounds "6"]
[EventCountry "BRA"]
[SourceTitle "CBM 203 Extra"]
[Source "ChessBase"]
[SourceDate "2021.09.30"]
[SourceVersion "1"]
[SourceVersionDate "2021.09.30"]
[SourceQuality "1"]

1. d4 d5 2. c4 e6 3. Nc3 Nf6 4. Nf3 c5 5. cxd5 Nxd5 6. g3 b6 7. Bg2 Bb7 8. Nxd5 Bxd5 9. Be3 Nd7 10. 0-0 Be7 11. Rc1 0-0 12. a3 a5 13. Qd2 c4 14. Bg5 Bxg5 15. Nxg5 Bxg2 16. Kxg2 Nf6 17. Rxc4 Qd5+ 18. e4 Qxc4 19. e5 Qc6+ 20. Kg1 Ne4 21. Qe3 Nxg5 22. Qxg5 Rfd8 23. h4 Qe4 24. h5 Qf5 25. Qh4 h6 26. b4 axb4 27. axb4 Rac8 28. b5 Qd3 29. Qe7 Qxb5 30. Rd1 Qa4 31. Rd3 Rxd4 32. Rf3 Qe8 33. Qa3 Rd5 34. Qb2 Qb5 35. Qa3 Rxe5 36. Qe7 Rf8 37. Qh4 Rxh5 38. Qe4 Qd5 39. Qe2 Rd8 40. Kg2 Rf5 41. g4 Qxf3+ 42. Qxf3 Rxf3 43. Kxf3 b5 44. Kg3 b4 45. f4 b3 46. Kh4 b2 47. g5 hxg5+ 48. fxg5 b1Q 49. g6 Qxg6 50. Kh3 Rd5 51. Kh2 Rh5# 0-1

[Event "Florianopolis op 3rd"]
[Site "Florianopolis"]
[Date "2017.01.25"]
[Round "8"]
[White "Gomes, Daniel de Oliveira"]
[Black "Mirela Pedro, Tereza"]
[Result "1-0"]
[WhiteElo "1502"]
[BlackElo "1771"]
[PlyCount "119"]
[EventDate "2017.01.20"]
[EventType "swiss"]
[EventRounds "10"]
[EventCountry "BRA"]
[SourceTitle "CBM 176 Extra"]
[Source "ChessBase"]
[SourceDate "2017.03.02"]
[SourceVersion "1"]
[SourceVersionDate "2017.03.02"]
[SourceQuality "1"]

1. b4 d5 2. Bb2 e6 3. e3 c6 4. Nf3 f5 5. c4 Bxb4 6. Bxg7 Be7 7. cxd5 Bf6 8. Bxh8 Bxh8 9. d4 exd5 10. Bd3 Be6 11. Nbd2 Nd7 12. Rb1 Qc7 13. 0-0 0-0-0 14. Qc2 Ne7 15. Qa4 a5 16. Rfc1 Rg8 17. Rb5 Kd8 18. Qxa5 Qxa5 19. Rxa5 Kc7 20. Nb3 Ng6 21. Ng5 Ngf8 22. Nxe6+ Nxe6 23. Rxd5 f4 24. Bf5 Nef8 25. Bxd7 Nxd7 26. Nc5 Nf6 27. Rf5 Nd5 28. Ne6+ Kd6 29. Nxf4 Nxf4 30. Rxf4 Ra8 31. Rh4 Rxa2 32. Rxh7 Bf6 33. Rxb7 Ra8 34. Rb6 Rc8 35. f4 Kd5 36. Kf2 Be7 37. Rb5+ Kd6 38. Rf5 Ke6 39. e4 Kd7 40. d5 c5 41. Ke3 Kd6 42. g4 Bf8 43. Rf6+ Ke7 44. e5 Ke8 45. Kd3 Be7 46. Ra6 Kf7 47. d6 Bf8 48. Kc4 Bh6 49. Rca1 Bxf4 50. Kd5 Bxh2 51. Ra8 Rxa8 52. Rxa8 Kg7 53. d7 Kg6 54. d8Q Kh6 55. Qh4+ Kg6 56. Qxh2 Kg5 57. Rf8 Kg6 58. Qh5+ Kg7 59. Rf6 Kg8 60. Qf7+ 1-0

[Event "Florianopolis op 3rd"]
[Site "Florianopolis"]
[Date "2017.01.24"]
[Round "7"]
[White "Januario, Jessica dos Anjos"]
[Black "Mirela Pedro, Tereza"]
[Result "1-0"]
[WhiteElo "1564"]
[BlackElo "1771"]
[PlyCount "69"]
[EventDate "2017.01.20"]
[EventType "swiss"]
[EventRounds "10"]
[EventCountry "BRA"]
[SourceTitle "CBM 176 Extra"]
[Source "ChessBase"]
[SourceDate "2017.03.02"]
[SourceVersion "1"]
[SourceVersionDate "2017.03.02"]
[SourceQuality "1"]

1. d4 d5 2. c4 e6 3. Nc3 c6 4. Nf3 f5 5. Bf4 Nf6 6. e3 Ne4 7. Qc2 Be7 8. Bd3 0-0 9. h3 Bd7 10. g4 Be8 11. 0-0-0 Bh4 12. Rh2 Bd7 13. Bxe4 fxe4 14. Ne5 Bg5 15. Bg3 Qf6 16. h4 Bh6 17. g5 Bxg5 18. hxg5 Qxg5 19. Rdh1 h6 20. Rh5 Qf6 21. Bh4 Qxe5 22. Rxe5 Na6 23. Qe2 Rf7 24. a3 Nc7 25. Qg4 Ne8 26. Bg3 Nf6 27. Qg6 Nh7 28. Rxh6 Nf8 29. Qg4 a6 30. Reh5 Nh7 31. Rxh7 Kf8 32. Rh8+ Ke7 33. Rxa8 e5 34. Rxe5+ Kf6 35. Qg5# 1-0